| 000 | 01073cam a22003255a 4500 | ||
|---|---|---|---|
| 003 | EG-ScBUE | ||
| 005 | 20220123101246.0 | ||
| 008 | 150827s2005 nyu f 000 f eng d | ||
| 020 | _a0553211021 | ||
| 020 | _a9780553211023 | ||
| 040 |
_aEG-ScBUE _beng _erda _cEG-ScBUE _dEG-ScBUE |
||
| 082 | 0 | 4 |
_a823.8 _bDIC _222 |
| 100 | 1 |
_aDickens, Charles, _d1812-1870, _eauthor. _935484 |
|
| 245 | 1 | 0 |
_aOliver twist / _cCharles Dickens ; introduction by Irving Howe. |
| 264 | 1 |
_aNew York : _bBantam Book, _c2005. |
|
| 300 |
_axxviii, 445 pages ; _c20 cm. |
||
| 336 |
_2rdacontent _atext _btxt |
||
| 337 |
_2rdamedia _aunmediated _bn |
||
| 338 |
_2rdacarrier _avolume _bnc |
||
| 490 | 0 | _aBantam classic | |
| 590 | _adoaa mohamed | ||
| 650 | 7 |
_aOrphans _vFiction. _2BUEsh _935476 |
|
| 650 | 7 |
_aCriminals _vFiction. _2BUEsh _934179 |
|
| 650 | 7 |
_aPoor children _vFiction. _2BUEsh _940874 |
|
| 651 | _2BUEsh | ||
| 653 |
_cAugust2015 _bHHUUEENN |
||
| 655 |
_vReading book _934232 |
||
| 700 | 1 |
_aHowe, Irving, _eauthor of introduction, etc. _935076 |
|
| 942 |
_k823.8 DIC _2ddc _cBB |
||
| 999 |
_c3210 _d3210 |
||